=LDR 00000nam 2200000 4500 =001 INLIS000000000006199 =005 20130612094346 =008 ***********************************Ind** =035 ##$$0010-061300000006199 =041 ##$$a Ind =082 ##$$a 2x3 =090 ##$$a 2x3, Rai t =100 ##$$a Rais, M. Amin =245 ##$$a Tauhid sosial, formula menggempur kesenjangan, M. Amien Rais =260 ##$$a 1998 $b Bandung =300 ##$$a 322 hlm., 21 cm =650 ##$$a Tauhid =850 ##$$a NBPNMAT =990 ##$$a 1286012860 =990 ##$$a 138.141/Pb-98 =990 ##$$a DW00025711